000 00434nam a2200169Ia 4500
003 0STCL
008 150530s9999 xx 000 0 und d
040 _aSTCL
_cSTCL
100 _aPalanichamy, S.
245 _aJournal of Ecotoxicology and Environmental Monitoring : July
260 _bPalani Paramount; Palani
_c2006
_aPalani
300 _a0
546 _aEnglish
942 _2ddc
_cBK
999 _c21222
_d21222
005 20220125165915.0